Top 25 Non-Humans in Harry Potter Quiz Stats

 Plays Quiz Updated May 11, 2016

Support Sporcle.
Go Orange.
Score 0/25 Timer 04:00
1 Play Today
Mentions Character % Correct
469Dobby
99.4%
204Hedwig
96.6%
27Fluffy
88.6%
312Kreacher
88.6%
136Buckbeak
86.4%
162Crookshanks
86.4%
30Nagini
82.5%
164Peeves
81.4%
64Fawkes
80.7%
49Aragog
78.3%
105Fang
77.1%
162Winky
75.3%
75Firenze
74.8%
Mentions Character % Correct
75Grawp
74.5%
36Norbert
73%
140Griphook
72.5%
60Pigwidgeon
69.9%
18Trevor
68.7%
26Errol
66.6%
59Mrs. Norris
59.5%
30Bane
56.6%
19Hokey
42.4%
23Ronan
34.5%
18Magorian
25.8%
15Bogrod
21.2%

You're not logged in!

Compare scores with friends on all Sporcle quizzes.
OR
Log In
Forgot?

From the Vault

Click-an-English

by pdigoe

If you're English-speaking, most of the site should already be in English for you.
Remove Ads.
Support Sporcle.
Get the best of Sporcle when you Go Orange. This ad-free experience offers more features, more stats, and more fun while also helping to support Sporcle. Thank you for becoming a member.

Show Comments

Extras

Top Quizzes Today


Score Distribution

Your Account Isn't Verified!

In order to create a playlist on Sporcle, you need to verify the email address you used during registration. Go to your Sporcle Settings to finish the process.

Report this User

Report this user for behavior that violates our Community Guidelines.

Details: